000 00686nam a2200193 a 4500
003 0
005 20250225105706.0
008 111114s19uu xx 00 eng d
050 _aPGS LB 1131
_b.G389 2011
100 _aGesmundo, Ysabelle Constantino.
245 _aEating habits and study skills of SISC grade 5 students /
_cYsabelle Constantino Gesmundo.
260 _aLas PiƱas City, Philippines :
_bSouthville International School and Colleges,
_c2011.
300 _a23 pages :
_billustrations ;
_c28 cm.
504 _aIncludes bibliographical references.
650 _aEating habits.
650 _aStudy skills.
650 _aElementary school students.
942 _2lcc
_cPASS
999 _c98610
_d98610